Normal view
MARC view
Entry Personal Name
001 - CONTROL NUMBER
- control field: 8466
003 - CONTROL NUMBER IDENTIFIER
- control field: OSt
005 - DATE AND TIME OF LATEST TRANSACTION
- control field: 20160503154733.0
008 - FIXED-LENGTH DATA ELEMENTS
- fixed length control field: 160503|| aca||aabn | a|a d
040 ## - CATALOGING SOURCE
- Original cataloging agency: OSt
- Transcribing agency: OSt
100 ## - HEADING--PERSONAL NAME
- Personal name: Raven, Peter H.
670 ## - SOURCE DATA FOUND
- Source citation: Work cat.: (OSt)3861: Raven, Peter H., Biology of plants /, 1999.
